000 00374nam a22001577a 4500
003 macl
005 20160203150803.0
008 160203b xxu||||| |||| 00| 0 eng d
040 _cEnglish
082 _a793/DWI
100 _aDwivedi Richa
_936669
245 _aBharatnatyam
260 _aAllahabad
_bPoint Publication
_c2012
650 _aDance
_936670
942 _2ddc
_cBK
999 _c53096
_d53096